000 00675nam a22002177a 4500
003 OSt
005 20221005155140.0
008 221005b |||||||| |||| 00| 0 eng d
020 _a87-983156-9-2
040 _cBiblioteca Lado V
082 _a731.4
_bOS85j
100 _960
_aOsterby, Anette
_eeditora
245 _aJuxtaPosition/
260 _bBondes Grafisk AS
_c1993
300 _a56p.
_c21x27cm
650 _2Tesauro de Arte & Arquitectura
_aESCULTURA
650 _2Tesauro de Arte & Arquitectura
_aARTE
650 _2Tesauro de Arte & Arquitectura
_aARTE VISUAL
700 _961
_aAnderson, Mikael
_ecoeditor
942 _2ddc
_c1
_h731.4
_iOS85j
_n0
999 _c2172
_d2172